Library Banner

(اسلامی انسایکلو پیڈیا)Islami encyclopedia (Record no. 3718)

MARC details
000 -LEADER
fixed length control field 00555nam a2200181Ia 4500
001 - CONTROL NUMBER
control field 3471
003 - CONTROL NUMBER IDENTIFIER
control field OSt
005 - DATE AND TIME OF LATEST TRANSACTION
control field 20160421095546.0
008 - FIXED-LENGTH DATA ELEMENTS--GENERAL INFORMATION
fixed length control field 140317s9999 xx 000 0 und d
040 ## - CATALOGING SOURCE
Transcribing agency PK-LaUMT
082 ## - DEWEY DECIMAL CLASSIFICATION NUMBER
Classification number R 297.03
Item number MAH-I
100 ## - MAIN ENTRY--PERSONAL NAME
Personal name Maulvi Mahboob Alam
245 ## - TITLE STATEMENT
Title (اسلامی انسایکلو پیڈیا)Islami encyclopedia
Statement of responsibility, etc (مولوی محبوب عالم)Maulvi Mahboob Alam
260 ## - PUBLICATION, DISTRIBUTION, ETC. (IMPRINT)
Place of publication, distribution, etc (لاہور، پاکستان)Lahore,Pakistan:
Name of publisher, distributor, etc (الفیصل )Al-Faisal,
Date of publication, distribution, etc 1992
300 ## - PHYSICAL DESCRIPTION
Extent 841 p.
546 ## - LANGUAGE NOTE
Language note URDU
942 ## - ADDED ENTRY ELEMENTS (KOHA)
Koha item type Books
Source of classification or shelving scheme Dewey Decimal Classification
Holdings
Withdrawn status Lost status Damaged status Not for loan Home library Current library Date acquired Total Checkouts Full call number Barcode Date last seen Price effective from Koha item type
        UMT Main Campus UMT Main Campus 2014-03-17   R 297.03 MAH-I 497 2014-03-17 2014-03-17 Books